| 000 | 00749nam a2200169Ia 4500 | ||
|---|---|---|---|
| 003 | Ost | ||
| 005 | 20260225132557.0 | ||
| 008 | 260225s9999||||xx |||||||||||||| ||und|| | ||
| 040 | _cfsic | ||
| 041 | _afre | ||
| 082 | _a302.23 | ||
| 100 |
_aHassan REMAOUN _eAuteur |
||
| 245 | 0 | _aImage,Mémoire,Histoire les représentations iconographiques en Algérie et au Maghreb : | |
| 245 | 0 |
_bActes du colloque international "Image,Mémoire,Histoire les représentations iconographiques en Algérie et au Maghreb" organisé par le CRASC les 28 et 29 février 2004 Oran / _cHassan REMAOUN |
|
| 246 | _aصورة، ذاكرة، تاريخ التمثلات الإيكونوغرافية في الجزائر وفي المغرب العربي | ||
| 942 | _cكتاب | ||
| 999 |
_c34529 _d34529 |
||